00919nam a2200193 a 450000100060000000300090000600800410001504000280005608200170008424500360010126000370013730000110017449000490018550504110023465000210064565000300066694200120069699900170070814354CO-ViMGA141112s2004 ck r 000 u spa d aCO-ViMGAbspacCO-ViMGA04aR155.4 P331p10aPedagogia y psicologia infantil aMadrid : bCultural S.A., c1998 a4 VOL. aBiblioteca practica para padres y educadores aVOL - (I) : 1 - La gestación - el parto - y el periodo neonatal.2 - El primer año del niño VOL(II) : 3 - El niño de un año.4 - El niño de 2 años.5 - El niño de 3 y 4 años. VOL(III) : 6 - El niño de 5 y 6 años.7 - El niño de 7 y 8 años.8 - El niño de 9 y 10 años. VOL(IV) : 9 - El niño de 11 y 12 años.10 - El niño de 13 y 14 años.11 - El adolescente de 15 y 16 años.14aPEDAGOGIA92102714aPSICOLOGIA INFANTIL91631 2ddccBK c25034d25034